<?xml version="1.0" encoding="UTF-8"?>
<record
    xmlns:xsi="http://www.w3.org/2001/XMLSchema-instance"
    xsi:schemaLocation="http://www.loc.gov/MARC21/slim http://www.loc.gov/standards/marcxml/schema/MARC21slim.xsd"
    xmlns="http://www.loc.gov/MARC21/slim">

  <leader>01288nam a2200193 a 4500</leader>
  <controlfield tag="001">000033325</controlfield>
  <controlfield tag="005">20241016135104.0</controlfield>
  <controlfield tag="008">110824s1940    dr            000 0 spa d</controlfield>
  <datafield tag="040" ind1=" " ind2=" ">
    <subfield code="a">DO-SdBNP</subfield>
    <subfield code="b">spa</subfield>
    <subfield code="c">BNPHU</subfield>
  </datafield>
  <datafield tag="082" ind1=" " ind2=" ">
    <subfield code="a">338.10981</subfield>
    <subfield code="b">R426c</subfield>
  </datafield>
  <datafield tag="110" ind1="1" ind2=" ">
    <subfield code="a">Rep&#xFA;blica  Dominicana.</subfield>
    <subfield code="b">Direcci&#xF3;n General de Estad&#xED;stica Nacional.</subfield>
    <subfield code="9">86710</subfield>
  </datafield>
  <datafield tag="245" ind1="1" ind2="0">
    <subfield code="a">Censo agropecuario de 1940.</subfield>
  </datafield>
  <datafield tag="260" ind1=" " ind2=" ">
    <subfield code="a">Ciudad Trujillo, Rep&#xFA;blica Dominicana :</subfield>
    <subfield code="b">Direcci&#xF3;n General de Estad&#xED;stica Nacional,</subfield>
    <subfield code="c">1940.</subfield>
  </datafield>
  <datafield tag="300" ind1=" " ind2=" ">
    <subfield code="a">1 v. en varias paginaciones ;</subfield>
    <subfield code="c">29 cm.</subfield>
  </datafield>
  <datafield tag="505" ind1="0" ind2=" ">
    <subfield code="t">San Cristobal provincia Trujillo --</subfield>
    <subfield code="t">Provincia Libertador --</subfield>
    <subfield code="t">Provincia Espaillat --</subfield>
    <subfield code="t">Provincia de Benefactor --</subfield>
    <subfield code="t">Provincia Duarte --</subfield>
    <subfield code="t">Provincia de Barahona --</subfield>
    <subfield code="t">Provincia de Azua --</subfield>
    <subfield code="t">Monte Plata Provincia Monse&#xF1;or de Meri&#xF1;o --</subfield>
    <subfield code="t">La Victoria, M onse&#xF1;or de Meri&#xF1;o --</subfield>
    <subfield code="t">Provincia de Montecristy --</subfield>
    <subfield code="t">Montecristy --</subfield>
    <subfield code="t">Provincia de Saman&#xE1; --</subfield>
    <subfield code="t">Provincia de Pueto Plata --</subfield>
    <subfield code="t">Santo Domingo --</subfield>
    <subfield code="t">Provincia de San Pedro de Macoris --</subfield>
    <subfield code="t">Provincia del Seybo --</subfield>
    <subfield code="t">San Francisco de Macoris Provincia Duarte --</subfield>
    <subfield code="t">Provincia La Vega --</subfield>
    <subfield code="t">Provincia Santiago.</subfield>
  </datafield>
  <datafield tag="650" ind1=" " ind2="4">
    <subfield code="a">Agricultura</subfield>
    <subfield code="z">Rep&#xFA;blica Dominicana</subfield>
    <subfield code="y">1940</subfield>
    <subfield code="v">ESTAD&#xCD;STICAS</subfield>
    <subfield code="9">58917</subfield>
  </datafield>
  <datafield tag="650" ind1=" " ind2="4">
    <subfield code="a">Ganader&#xED;a</subfield>
    <subfield code="z">Rep&#xFA;blica Dominicana</subfield>
    <subfield code="y">1940</subfield>
    <subfield code="v">ESTAD&#xCD;STICAS</subfield>
    <subfield code="9">58918</subfield>
  </datafield>
  <datafield tag="910" ind1=" " ind2=" ">
    <subfield code="a">Validado. Control de calidad MFF</subfield>
  </datafield>
  <datafield tag="952" ind1=" " ind2=" ">
    <subfield code="0">0</subfield>
    <subfield code="1">0</subfield>
    <subfield code="5">0</subfield>
    <subfield code="7">1</subfield>
    <subfield code="8">RV</subfield>
    <subfield code="a">PD</subfield>
    <subfield code="b">PD</subfield>
    <subfield code="c">HD</subfield>
    <subfield code="d">2011-08-24</subfield>
    <subfield code="i">LF1</subfield>
    <subfield code="l">0</subfield>
    <subfield code="o">338.10981 R426c</subfield>
    <subfield code="p">33325-10</subfield>
    <subfield code="r">2020-06-25</subfield>
    <subfield code="w">2020-06-25</subfield>
    <subfield code="y">1</subfield>
    <subfield code="Z">No se presta</subfield>
  </datafield>
  <datafield tag="999" ind1=" " ind2=" ">
    <subfield code="c">32816</subfield>
    <subfield code="d">32816</subfield>
  </datafield>
</record>
